| 000 | 00679nab a2200157Ia 4500 | ||
|---|---|---|---|
| 003 | ES-SlBCS | ||
| 005 | 20210601133741.0 | ||
| 008 | 140529s2010 xxu||||| |||| 00| 0 por d | ||
| 041 | _apor | ||
| 100 | 1 |
_aValdes Puentes, Roberto _9209155 |
|
| 245 | 0 | 0 |
_aDesafios na profissionalizaçao da docência universitária: entre a privacidade das práticas, a autonomia exagerada e a fragilidade dos mecanismos institucionais _c Roberto Valdés Puentes, Orlando Fernández Aquino |
| 650 | 0 | 4 |
_aFormación de Profesores-Universidad _9209227 |
| 773 | 0 |
_tEducaçao e Filosofia _gvol. 24, nº. 48, 2010, págs. 273-298 _wRev1534 |
|
| 700 | 1 |
_aFernández Aquino, Orlando _9209156 |
|
| 942 | _cAR | ||
| 999 |
_c601535 _d601535 |
||